000 00520nam a2200181 i 4500
001 87597
003 ES-MaACL
007 t|
008 041222s1978 sp ||||1| spa d
020 _a84-350-0182-2
100 1 _aKrishnamurti, J.
_968859
245 1 0 _aKrishnamurti y la educación /
_cKrishnamurti ; traducción de Armando Clavier.
250 _a[1ª ed.].
260 _aBarcelona :
_bEdhasa,
_c1978.
300 _a214 p. ;
_c19 cm.
700 1 _aClavier, Armando.
_939139
852 _aES-MaACL
_jL-9916
_bR.111559
999 _c87597
_d87597